Statistics for NHL Franchises that have never won a Stanely Cup

Click here to take the quiz!

General Stats

  • This quiz has been taken 428 times
  • The average score is 10 of 12

Answer Stats

Answer% Correct
Winnipeg Jets
91%
San Jose Sharks
89%
Vancouver Canucks
88%
Florida Panthers
87%
Phoenix Coyotes
86%
Minnesota Wild
85%
Columbus Blue Jackets
84%
Nashville Predators
82%
Buffalo Sabres
81%
Ottawa Senators
80%
St Louis Blues
78%
Washington Capitals
72%

Score Distribution

Percentile by Number Answered

Percent of People with Each Score

Your Score History

You have not taken this quiz